04956cam a22016814i 4500003000900000005001700009008004100026020001800067035001900085040004300104082001900147100002600166245010500192264003300297300005600330336002100386337002500407338002300432490003700455505164500492526000902137526000902146526001002155526001002165526001002175526001002185526001002195526001002205526001002215526001002225526001002235526001002245526001002255526001002265526001002275526001002285526001002295526001002305526001002315526001002325526001002335526001002345526001002355526001002365526001002375526001002385526001002395526001002405526001002415526001002425526001002435526001002445526001002455526001002465526001002475526001002485526001002495526001002505526001002515526001002525526001002535526001002545526001002555526001002565526001002575526001002585526001002595526000902605526000902614526000902623526000902632526000902641526000902650526000902659526000902668526000902677526000902686526000902695526000902704526000902713526000902722526000902731526000902740526000902749526000902758526000902767526000902776526000902785526000902794526000902803526000902812526000902821526000902830526000902839526000902848526000902857526000902866526000902875526000902884526001002893526000902903526000902912526000902921526000902930526000902939526000902948526000902957526000802966526000802974526000802982526000802990526000802998526000803006526000803014526000803022526000803030526000803038526000803046526000803054526000803062526000803070526000903078526000803087526000803095526000803103526000803111526000803119526000903127526000803136526000803144526000803152526000803160526000803168526000903176526000803185526000803193526000903201526000803210526000803218526000803226526000803234650003203242PE-LiUPU20250813165820.0150706s2010 pe a r 000 0 spa d a9786123000608 a(Sirsi) a49419 aPE-LiUPUbspacPE-LiUPUdPE-LiUPUerda04a658.4bMBA2211 aPease, Allan,eautor.10aHabilidades personales en los negocios :btrucos para entrenar el carisma /cAllan y Barbara Pease . 1aLima :bPunto y Coma,c2010. a125 páginas :bilustraciones ;c21 centímetros. atext2rdacontent aunmediated2rdamedia avolume2rdacarrier0 aLo que enseñan los mejores MBA0 aLa casa a medio camino -- Los tres fundamentos de la naturaleza humana -- Hacer que la gente se sienta importante -- Cómo alabar con sinceridad -- Cómo escuchar de un modo efectivo -- Cómo decir gracias -- Como recordar los nombres de la gente -- Cómo ser un gran conversador -- Cómo hablar con las personas (y parecer extremadamente interesante) -- Cómo formular grandes preguntas -- Cómo entablar una conversación -- Cómo lograr mantener el buen ritmo de la conversación -- Cómo logar que los demás se interesen en nuestra conversación -- Cómo hacer que la gente tenga inmediatamente una impresión positiva de usted -- Cómo empatizar con la gente -- Cómo dar la razón a todo el mundo (incluso a los que nos critican) -- Cómo causar una buena impresión -- Cómo hacer que la gente diga "sí" con facilidad -- Cómo hablar para que los hombres escuchen -- Cómo hablar para que las mujeres escuchen -- Las 17 frases inefectivas que debe eliminar de su vocabulario -- Las palabras más eficientes que puedes emplear -- Convierta en afirmaciones negativas en positivas -- Cómo combatir el temor y la preocupación -- Presentaciones de negocio -- Cómo logar que las primeras impresiones sean duraderas -- Cómo enfrentarse a las críticas en los negocios -- La forma más apropiada de responder al teléfono -- Cómo regañar o emitir una crítica -- Cómo dar un discurso persuasivo -- Cómo utilizar una presentación visual -- Cómo determinar donde sentarse en una entrevista -- Díez estrategias vencedoras de lenguaje corporal que le proporcionarán una ventaja competitiva. aP203 aP200 aSEG65 aSEG64 aSEG63 aSEG62 aSEG61 aSEG60 aSEG59 aSEG58 aSEG57 aSEG56 aSEG55 aSEG54 aSEG53 aSEG52 aSEG51 aSEG50 aSEG49 aSEG48 aSEG47 aSEG46 aSEG24 aSEG23 aSEG22 aSEG21 aSEG20 aSEG19 aSEG18 aSEG17 aSEG16 aSEG14 aSEG13 aSEG12 aSEG11 aSEG10 aSEG09 aSEG06 aSEG05 aSEG04 aSEG03 aSEG02 aSEG68 aSEG66 aSEG45 aSEG25 aSEG01 aP163 aP162 aP161 aP160 aP159 aP158 aP157 aP156 aP155 aP154 aP153 aP152 aP151 aP150 aP149 aP142 aP141 aP140 aP139 aP138 aP137 aP132 aP131 aP130 aP126 aP125 aP124 aP123 aP115 aP122 aP121 aP116 a P114 aP112 aP111 aP104 aP103 aP102 aP101 aP100 aP96 aP95 aP93 aP92 aP91 aP88 aP83 aP82 aP79 aP78 aP75 aP74 aP71 aP69 a P51 aP49 aP48 aP47 aP33 aP31 a P30 aP29 aP27 aP26 aP25 aP24 a P22 aP10 aP09 a P08 aP06 aP05 aP04 aP0104aNegociosxAdministración.